000 00649nam a2200205Ia 4500
003 OSt
005 20260518160754.0
008 210210b1995 xxu||||| |||| 00| 0 eng d
040 _cAL
041 _aKonkani
082 _a891.468 NAJK
100 _aNajaret Edvard L
_983239
_dನಜ್ರೆತ್ ಎಡ್ವರ್ಡ್ ಎಲ್.
245 _aKajari laingik jivit
_b: ಕಾಜಾರಿ ಲೈಂಗಿಕ್ ಜಿವಿತ್
260 _aManglur
_bNajret Pablikeshan
_c1995
300 _axi,345,42p
650 _aSexual Education Problems of Sex
_983240
690 _aKonkani Miscellaneou
_983241
906 _a05429
942 _2ddc
_cBK
999 _c102071
_d102071